[Event "Jacques Jaudran mem sf4 corr"]
[Site "France AJEC"]
[Date "2002.06.15"]
[Round "?"]
[White "Huilmot, Edith"]
[Black "Alozy, Francis"]
[Result "0-1"]
[WhiteElo "1757"]
[BlackElo "2194"]
[PlyCount "62"]
[EventDate "2002.06.15"]
[EventType "tourn (corr)"]
[EventRounds "10"]
[EventCountry "FRA"]
[SourceTitle "Corr 2004"]
[Source "ChessBase"]
[SourceDate "2003.04.28"]
[SourceVersion "3"]
[SourceVersionDate "2003.04.28"]
[SourceQuality "1"]

1. d4 d5 2. c4 e6 3. Nc3 Nf6 4. Nf3 Bb4 5. e3 0-0 6. Be2 c5 7. 0-0 dxc4 8. Bxc4 Nc6 9. Bd2 cxd4 10. exd4 Nxd4 11. Be3 Nf5 12. Bg5 Bxc3 13. bxc3 b6 14. Ne5 Qxd1 15. Rfxd1 Ne4 16. Bd2 Bb7 17. Bd3 f6 18. Nf3 Rfd8 19. Bxe4 Bxe4 20. Nd4 Nxd4 21. cxd4 Rxd4 22. Be3 Ra4 23. Rd4 Rxd4 24. Bxd4 Rc8 25. Be3 Rc3 26. a4 e5 27. h4 Rc7 28. Kh2 Bc2 29. f3 Rc4 30. a5 Rxh4+ 31. Kg3 Rb4 0-1

[Event "Jacques Jaudran mem sf4 corr"]
[Site "France AJEC"]
[Date "2002.06.15"]
[Round "?"]
[White "Roux, Thierry"]
[Black "Huilmot, Edith"]
[Result "1-0"]
[WhiteElo "2073"]
[BlackElo "1757"]
[PlyCount "31"]
[EventDate "2002.06.15"]
[EventType "tourn (corr)"]
[EventRounds "10"]
[EventCountry "FRA"]
[SourceTitle "Corr 2004"]
[Source "ChessBase"]
[SourceDate "2003.04.28"]
[SourceVersion "3"]
[SourceVersionDate "2003.04.28"]
[SourceQuality "1"]

1. e4 e5 2. d4 exd4 3. Qxd4 Nc6 4. Qe3 Nf6 5. Nc3 Bb4 6. Bd2 0-0 7. 0-0-0 d6 8. Nge2 Bc5 9. Qg3 Be6 10. Nf4 Qe7 11. Nfd5 Nxd5 12. exd5 Bxd5 13. Nxd5 Qe6 14. Nxc7 Qxa2 15. Bc3 Rac8 16. Qxg7# 1-0

[Event "Jacques Jaudran mem prel2 corr"]
[Site "France AJEC"]
[Date "2000.??.??"]
[Round "?"]
[White "Coclet, Olivier"]
[Black "Huilmot, Edith"]
[Result "1-0"]
[WhiteElo "2312"]
[BlackElo "1826"]
[PlyCount "27"]
[EventDate "2000.11.15"]
[EventType "swiss (corr)"]
[EventRounds "8"]
[EventCountry "FRA"]
[SourceTitle "Corr 2004"]
[Source "ChessBase"]
[SourceDate "2003.04.28"]
[SourceVersion "3"]
[SourceVersionDate "2003.04.28"]
[SourceQuality "1"]

1. e4 c5 2. c3 Nf6 3. e5 Nd5 4. d4 cxd4 5. Nf3 e6 6. cxd4 d6 7. Bc4 Nb6 8. Bb3 Nc6 9. 0-0 Be7 10. Qe2 0-0 11. Nc3 Bd7 12. Bc2 d5 13. Qd3 Nb4 14. Qxh7# 1-0

[Event "Jacques Jaudran mem prel2 corr"]
[Site "France AJEC"]
[Date "2000.??.??"]
[Round "?"]
[White "Huilmot, Edith"]
[Black "Bonnet, Christian"]
[Result "1-0"]
[WhiteElo "1826"]
[BlackElo "2063"]
[PlyCount "29"]
[EventDate "2000.11.15"]
[EventType "swiss (corr)"]
[EventRounds "8"]
[EventCountry "FRA"]
[SourceTitle "Corr 2004"]
[Source "ChessBase"]
[SourceDate "2003.04.28"]
[SourceVersion "3"]
[SourceVersionDate "2003.04.28"]
[SourceQuality "1"]

1. e4 d6 2. d4 Nf6 3. Nc3 g6 4. Nf3 Bg7 5. Be2 0-0 6. 0-0 c5 7. dxc5 dxc5 8. Be3 b6 9. Qxd8 Rxd8 10. Rad1 Nbd7 11. Ne5 Bb7 12. Nxd7 Rxd7 13. Rxd7 Nxd7 14. Rd1 Bxc3 15. Rxd7 1-0

[Event "Jacques Jaudran mem prel2 corr"]
[Site "France AJEC"]
[Date "2000.??.??"]
[Round "?"]
[White "Huilmot, Edith"]
[Black "Caprio, Victor"]
[Result "0-1"]
[WhiteElo "1826"]
[BlackElo "1986"]
[PlyCount "50"]
[EventDate "2000.11.15"]
[EventType "swiss (corr)"]
[EventRounds "8"]
[EventCountry "FRA"]
[SourceTitle "Corr 2004"]
[Source "ChessBase"]
[SourceDate "2003.04.28"]
[SourceVersion "3"]
[SourceVersionDate "2003.04.28"]
[SourceQuality "1"]

1. e4 c5 2. Nf3 d6 3. d4 cxd4 4. Nxd4 Nf6 5. Nc3 g6 6. Be3 Bg7 7. f3 0-0 8. Qd2 Nc6 9. Bc4 Bd7 10. h4 Rc8 11. Bb3 Ne5 12. 0-0-0 Nc4 13. Bxc4 Rxc4 14. h5 Nxh5 15. g4 Nf6 16. Kb1 a6 17. g5 Nh5 18. Nb3 Bxc3 19. bxc3 Qc7 20. e5 Rc8 21. Bd4 dxe5 22. Bxe5 Qxe5 23. Qxd7 Qxc3 24. Rh2 Qxf3 25. Qxe7 Qxd1+ 0-1